[Event "Ifjusagi csapatbajnoksag"]
[Site "Budapest"]
[Date "2015.08.28"]
[Round "5.33"]
[White "Werner, Anna"]
[Black "Toth, Abel Levente"]
[Result "0-1"]
[WhiteElo "1999"]
[BlackElo "1754"]
[PlyCount "144"]
[EventDate "2015.??.??"]

1. d4 Nf6 2. c4 c5 3. d5 b5 4. cxb5 a6 5. e3 g6 6. Nc3 Bg7 7. Nf3 d6 8. Bd3
Nbd7 9. O-O axb5 10. Bxb5 Ba6 11. Qd3 Bxb5 12. Qxb5 Qb6 13. Qxb6 Nxb6 14. e4
O-O 15. Bd2 Nc4 16. b3 Nxd2 17. Nxd2 Nh5 18. Nb5 Bxa1 19. Rxa1 Rfb8 20. Nc3 Nf6
21. Re1 Nd7 22. f4 Rb4 23. g3 f6 24. Kf2 Ra3 25. Re3 Kf7 26. Nc4 Ra8 27. Kf3
Nb6 28. Nd2 c4 29. bxc4 Nxc4 30. Nxc4 Rxc4 31. Ke2 Ra3 32. Kd2 Rb4 33. h4 Rb2+
34. Kd3 Rbxa2 35. Kd4 Rb2 36. Kc4 Rbb3 37. Kd4 Ke8 38. Rd3 Kd7 39. Kc4 Kc8 40.
Kd4 Kb7 41. Kc4 Ka6 42. Re3 Ka5 43. Kd4 Kb4 44. Nd1 Rxe3 45. Nxe3 Ra2 46. Kd3
Kb3 47. f5 Rh2 48. fxg6 hxg6 49. Nf1 Rf2 50. Nd2+ Kb4 51. Ke3 Rg2 52. Nf1 Ra2
53. Nd2 Ra3+ 54. Kf4 Kc5 55. Nf3 Ra8 56. g4 Rh8 57. g5 fxg5+ 58. Kxg5 Rf8 59.
Kg4 Kc4 60. Ng5 Kd3 61. Ne6 Rf6 62. Ng5 Ke3 63. Kg3 Rf4 64. Kh3 Rxe4 65. Nxe4
Kxe4 66. Kg4 Kxd5 67. Kg5 e5 68. Kxg6 e4 69. h5 e3 70. h6 e2 71. h7 e1=Q 72.
h8=Q Qe6+ 0-1

[Event "Ifjusagi csapatbajnoksag"]
[Site "Budapest"]
[Date "2015.08.28"]
[Round "5.34"]
[White "Pasztor, Flora Katinka"]
[Black "Horvath, Balazs"]
[Result "0-1"]
[WhiteElo "1705"]
[BlackElo "2036"]
[PlyCount "88"]
[EventDate "2015.??.??"]

1. e4 e5 2. Nf3 Nc6 3. Bc4 Nf6 4. Ng5 d5 5. exd5 Nd4 6. c3 b5 7. Bf1 Nf5 8.
Bxb5+ Bd7 9. Qe2 Bd6 10. Bxd7+ Qxd7 11. Ne4 Nxd5 12. Nxd6+ cxd6 13. d4 O-O 14.
dxe5 dxe5 15. O-O Qc7 16. Nd2 Nf4 17. Qe4 Ne7 18. Nf3 Nfg6 19. Be3 a5 20. Qa4
Nd5 21. Rfe1 h6 22. Rad1 Rad8 23. Bd2 Nde7 24. c4 Nc6 25. Qc2 f5 26. Bc3 e4 27.
Rxd8 Rxd8 28. Nd2 Nf4 29. Nf1 Nd3 30. Re3 Nd4 31. Bxd4 Rxd4 32. b3 f4 33. Rh3
Qd7 34. a3 f3 35. Qd2 fxg2 36. Kxg2 e3 37. Qxe3 Nf4+ 38. Kh1 Nxh3 39. Ng3 Nf4
40. Kg1 Rd1+ 41. Nf1 Rxf1+ 42. Kxf1 Qd1+ 43. Qe1 Qd3+ 44. Kg1 Qg6+ 0-1

[Event "Ifjusagi csapatbajnoksag"]
[Site "Budapest"]
[Date "2015.08.28"]
[Round "5.35"]
[White "Majnay, Peter"]
[Black "Kelemen, Szabolcs"]
[Result "1/2-1/2"]
[WhiteElo "1799"]
[BlackElo "1816"]
[PlyCount "72"]
[EventDate "2015.??.??"]

1. e4 c5 2. Nf3 Nc6 3. d4 cxd4 4. Nxd4 g6 5. c4 Nf6 6. Nc3 d6 7. Be2 Nxd4 8.
Qxd4 Bg7 9. Be3 O-O 10. Qd2 a5 11. O-O a4 12. a3 Qa5 13. f3 Be6 14. Nd5 Bxd5
15. cxd5 Qxd2 16. Bxd2 Nd7 17. Bc3 Nc5 18. Bxg7 Kxg7 19. Rac1 Rfc8 20. Bb5 Nb3
21. Rxc8 Rxc8 22. Bxa4 Nd4 23. Kf2 Rc4 24. Bd1 e5 25. dxe6 fxe6 26. Ke3 e5 27.
Kd3 b5 28. a4 Rc5 29. axb5 Rxb5 30. Rf2 Kf7 31. f4 Ke7 32. fxe5 dxe5 33. h4 h5
34. Kc4 Ra5 35. g4 hxg4 36. Bxg4 Ra6 1/2-1/2

[Event "Ifjusagi csapatbajnoksag"]
[Site "Budapest"]
[Date "2015.08.28"]
[Round "5.36"]
[White "Pasztor, Daniel"]
[Black "Hegedus, Dominik"]
[Result "0-1"]
[WhiteElo "1645"]
[BlackElo "1769"]
[PlyCount "118"]
[EventDate "2015.??.??"]

1. e4 c5 2. Nf3 Nc6 3. d4 cxd4 4. Nxd4 Nf6 5. f3 d6 6. Nc3 e5 7. Nb3 Be6 8. Be3
Be7 9. Be2 O-O 10. f4 exf4 11. Bxf4 Ne5 12. Nd5 Nxe4 13. Nxe7+ Qxe7 14. Qd4
Bxb3 15. axb3 Ng6 16. O-O Nxf4 17. Rxf4 Nf6 18. Bc4 Qe5 19. Qf2 Qxb2 20. Rd1
Qe5 21. Re1 Qc5 22. Re7 Qxf2+ 23. Rxf2 b6 24. Rd2 Rad8 25. Rxa7 d5 26. Bd3 Rfe8
27. Kf1 Ng4 28. h3 Ne3+ 29. Kf2 Rd6 30. Re2 Rf6+ 31. Kg1 Rfe6 32. Bb5 Rd8 33.
Rd2 g6 34. Rf2 f5 35. Re2 Re4 36. Bd3 Re5 37. Bb5 Rc8 38. Bd3 Rce8 39. Rd2 R8e7
40. Ra8+ Kg7 41. Ra6 R5e6 42. Be2 d4 43. Bb5 Rc7 44. Rxd4 Rxc2 45. Ra7+ Kf6 46.
Ra1 Rxg2+ 47. Kh1 Rb2 48. Rd3 Nc2 49. Rg1 Re3 50. Rxe3 Nxe3 51. Ba4 f4 52. Re1
Nf5 53. Kg1 Ng3 54. Re8 Kf7 55. Rb8 f3 56. Rb7+ Kg8 57. Rb8+ Kg7 58. Rb7+ Kh6
59. Rf7 Rg2# 0-1

[Event "Ifjusagi csapatbajnoksag"]
[Site "Budapest"]
[Date "2015.08.28"]
[Round "5.37"]
[White "Nayhebaver, Martin"]
[Black "Terbe, Julianna"]
[Result "1-0"]
[WhiteElo "2404"]
[BlackElo "2232"]
[PlyCount "87"]
[EventDate "2015.??.??"]

1. e4 c5 2. Nf3 Nc6 3. Bb5 Nf6 4. Nc3 g6 5. Bxc6 dxc6 6. d3 Bg7 7. h3 O-O 8.
Be3 b6 9. Qd2 Re8 10. Bh6 Bh8 11. O-O e5 12. a4 a5 13. Nh2 Be6 14. f4 exf4 15.
Qxf4 Nh5 16. Qf3 Qh4 17. Be3 Bd4 18. Ne2 Bxe3+ 19. Qxe3 f5 20. Nf3 Qd8 21. Qh6
fxe4 22. Ng5 Ra7 23. Nxe4 Bd5 24. N2g3 Bxe4 25. Nxe4 Qd4+ 26. Rf2 c4 27. Re1
Rae7 28. Ref1 cxd3 29. cxd3 Rf7 30. Ng5 Rfe7 31. Ne4 Rf7 32. Ng5 Rfe7 33. Nxh7
Rxh7 34. Qxg6+ Ng7 35. Kh1 Qd5 36. Rf3 Rh5 37. Rg3 Re7 38. Rgf3 Re8 39. Rg3 Re7
40. Rf6 Qd4 41. Kh2 Rhe5 42. Rxc6 Rc5 43. Rxb6 Qe5 44. d4 1-0

[Event "Ifjusagi csapatbajnoksag"]
[Site "Budapest"]
[Date "2015.08.28"]
[Round "5.38"]
[White "Berta, Sandor"]
[Black "Acs, Petra"]
[Result "1/2-1/2"]
[WhiteElo "2121"]
[BlackElo "1746"]
[PlyCount "82"]
[EventDate "2015.??.??"]

1. e4 e6 2. d4 d5 3. Nd2 dxe4 4. Nxe4 Bd7 5. Nf3 Bc6 6. Bd3 Nd7 7. O-O Ngf6 8.
Ng3 Be7 9. Qe2 O-O 10. Rd1 Bxf3 11. Qxf3 c6 12. b3 Qc7 13. c4 Rfd8 14. Bb2 Rac8
15. Re1 Re8 16. a3 Bd6 17. Rad1 e5 18. d5 cxd5 19. cxd5 Qb6 20. h4 Nc5 21. Bf5
Rcd8 22. b4 Ncd7 23. Bc3 Nf8 24. h5 h6 25. Bb1 N8h7 26. Bd2 Bb8 27. Bc1 Nd7 28.
Nf5 Qf6 29. Qd3 Ndf8 30. f3 a6 31. Be3 Ng5 32. Bf2 Nfe6 33. Qb3 Nf4 34. Ng3 Bd6
35. Rc1 Rc8 36. Rc4 Red8 37. Rec1 Rxc4 38. Qxc4 g6 39. hxg6 fxg6 40. Ne4 Nxe4
41. Bxe4 Qg5 1/2-1/2

[Event "Ifjusagi csapatbajnoksag"]
[Site "Budapest"]
[Date "2015.08.28"]
[Round "5.39"]
[White "Szabo, Balint"]
[Black "Laza, Szabolcs"]
[Result "0-1"]
[WhiteElo "1619"]
[BlackElo "2150"]
[PlyCount "110"]
[EventDate "2015.??.??"]

1. e4 c5 2. c3 g6 3. d4 cxd4 4. cxd4 d5 5. e5 Nc6 6. Nf3 Bg4 7. Be2 Nh6 8. h3
Bxf3 9. Bxf3 Nf5 10. Be3 e6 11. Nc3 Qb6 12. Qd2 Ncxd4 13. Bxd4 Qxd4 14. Qxd4
Nxd4 15. Bd1 Bb4 16. a3 Bxc3+ 17. bxc3 Nc6 18. f4 Ke7 19. Rb1 Na5 20. Be2 Rhc8
21. Kd2 Rc5 22. Rb5 Rxb5 23. Bxb5 Rc8 24. Rb1 b6 25. a4 Rc7 26. Kd3 Nb7 27. Kd4
Nc5 28. Rb4 Nd7 29. Be2 Rc5 30. Rb3 f6 31. exf6+ Kxf6 32. Bb5 Ke7 33. g4 Kd6
34. Rb1 Rc8 35. Bd3 Nc5 36. Bc2 Nxa4 37. Bxa4 Rc4+ 38. Kd3 Rxa4 39. Rf1 Ke7 40.
f5 gxf5 41. gxf5 e5 42. f6+ Kf7 43. Rf5 d4 44. Rxe5 Kxf6 45. cxd4 Ra3+ 46. Kc4
Rxh3 47. Rd5 Ke6 48. Rg5 Rh1 49. Rg7 a6 50. Ra7 b5+ 51. Kc5 Rc1+ 52. Kb6 b4 53.
Rxa6 b3 54. Ka5+ Kd5 55. Rb6 Ra1+ 0-1

[Event "Ifjusagi csapatbajnoksag"]
[Site "Budapest"]
[Date "2015.08.28"]
[Round "5.40"]
[White "Marosi, Levente"]
[Black "Acs, Kristof"]
[Result "1-0"]
[WhiteElo "2212"]
[BlackElo "1665"]
[PlyCount "61"]
[EventDate "2015.??.??"]

1. e4 e5 2. Nf3 Nc6 3. Bb5 a6 4. Ba4 d6 5. c3 Bd7 6. d4 g6 7. d5 Nb8 8. Bxd7+
Nxd7 9. O-O Bg7 10. c4 Ne7 11. Nc3 O-O 12. Be3 h6 13. Nd2 f5 14. f3 g5 15. Rc1
f4 16. Bf2 Kh7 17. b4 Rc8 18. c5 Bf6 19. Nc4 b5 20. cxb6 Nxb6 21. Na5 Ra8 22.
Na4 Nec8 23. Rc3 Qd7 24. Nxb6 Nxb6 25. Rc6 Rfb8 26. Qc2 Bd8 27. Rc1 h5 28. Bxb6
cxb6 29. Nc4 Be7 30. Nxb6 Qa7 31. Qf2 1-0

[Event "Ifjusagi csapatbajnoksag"]
[Site "Budapest"]
[Date "2015.08.28"]
[Round "5.43"]
[White "Vida, Krisztian"]
[Black "Kokeny, Norbert Adrian"]
[Result "0-1"]
[WhiteElo "1722"]
[BlackElo "2123"]
[PlyCount "126"]
[EventDate "2015.??.??"]

1. d4 Nf6 2. c4 e6 3. Nf3 Bb4+ 4. Bd2 c5 5. Bxb4 cxb4 6. Nbd2 O-O 7. e3 b6 8.
Qb3 a5 9. a3 Na6 10. Bd3 Bb7 11. O-O d6 12. Rfc1 Rc8 13. Qd1 Re8 14. e4 e5 15.
d5 Nc5 16. Qf1 bxa3 17. Rxa3 Nh5 18. Ne1 Qg5 19. Nef3 Qg6 20. Bc2 Rcd8 21. Rb1
Na6 22. Nh4 Qg5 23. Ndf3 Qf6 24. Nf5 g6 25. Nh6+ Kg7 26. Ng4 Qe7 27. Ne3 Bc8
28. Ne1 Nf4 29. Bd1 Nc5 30. Bc2 Na6 31. Bd1 h5 32. N1c2 Nc5 33. Bf3 f5 34. exf5
gxf5 35. g3 Qg5 36. h4 Qg6 37. Kh2 e4 38. gxf4 exf3 39. Qh3 Qf6 40. Rg1+ Kh6
41. Rg5 Ne4 42. Qxf3 Qf7 43. Nd4 Nxg5 44. fxg5+ Kh7 45. Nexf5 Bxf5 46. Qxf5+
Qxf5 47. Nxf5 Rf8 48. Rf3 Rd7 49. Nd4 Rxf3 50. Nxf3 Rc7 51. Nd2 b5 52. cxb5 Rb7
53. Nc4 Rxb5 54. Nxd6 Rxd5 55. Nc4 a4 56. Kg3 Rd4 57. Ne3 Rb4 58. Nd1 Rxb2 59.
Nxb2 a3 60. Nd3 a2 61. Nf4 a1=Q 62. Nxh5 Qg1+ 63. Kf3 Qd1+ 0-1

[Event "Ifjusagi csapatbajnoksag"]
[Site "Budapest"]
[Date "2015.08.28"]
[Round "5.44"]
[White "Simon, Lili"]
[Black "Gombocz, Zsofia"]
[Result "1/2-1/2"]
[WhiteElo "2077"]
[BlackElo "1762"]
[PlyCount "57"]
[EventDate "2015.??.??"]

1. Nf3 d5 2. g3 c5 3. Bg2 Nf6 4. O-O e6 5. c4 Be7 6. cxd5 exd5 7. d4 c4 8. Nc3
O-O 9. Ne5 Be6 10. Qc2 Nbd7 11. Rd1 a6 12. Bf4 Nb6 13. b3 Rc8 14. Rab1 cxb3 15.
Qxb3 Nc4 16. Nxc4 Rxc4 17. Rbc1 b5 18. a3 Qa5 19. Nb1 Rfc8 20. Bd2 Qb6 21. e3
Bf5 22. Rxc4 Rxc4 23. Nc3 Be6 24. Bf1 Rc6 25. Rb1 Qc7 26. Bg2 Rc4 27. Bf1 Rc6
28. Bg2 Rc4 29. Bf1 1/2-1/2

[Event "Ifjusagi csapatbajnoksag"]
[Site "Budapest"]
[Date "2015.08.28"]
[Round "5.45"]
[White "Barasits, Balint"]
[Black "Bege, Levente"]
[Result "1/2-1/2"]
[WhiteElo "1716"]
[BlackElo "1966"]
[PlyCount "46"]
[EventDate "2015.??.??"]

1. e4 c5 2. Nf3 d6 3. d4 Nf6 4. Nc3 cxd4 5. Nxd4 a6 6. Be3 Ng4 7. Bc1 Nf6 8.
Be3 e5 9. Nf3 Be7 10. Bc4 Nbd7 11. O-O O-O 12. Qd2 b5 13. Bd5 Nxd5 14. Nxd5 Nf6
15. Nxf6+ Bxf6 16. Rfd1 Be7 17. Bg5 Bxg5 18. Qxg5 Bb7 19. Qe3 Qc7 20. Rd2 Rad8
21. Rad1 f5 22. Qb3+ Kh8 23. Ng5 Bc8 1/2-1/2

[Event "Ifjusagi csapatbajnoksag"]
[Site "Budapest"]
[Date "2015.08.28"]
[Round "5.46"]
[White "Bege, Mate"]
[Black "Szakasics, Emese"]
[Result "1-0"]
[WhiteElo "1935"]
[BlackElo "1686"]
[PlyCount "37"]
[EventDate "2015.??.??"]

1. e4 e5 2. Nf3 Nc6 3. Bb5 a6 4. Ba4 Nf6 5. O-O b5 6. Bb3 Bc5 7. Re1 d6 8. c3
Bb7 9. d4 Bb6 10. Bg5 h6 11. Bh4 g5 12. Bg3 Qe7 13. a4 Rb8 14. Qd3 Na5 15. Bc2
Bc6 16. dxe5 dxe5 17. Nxe5 Rd8 18. Qe2 O-O 19. b4 1-0

[Event "Ifjusagi csapatbajnoksag"]
[Site "Budapest"]
[Date "2015.08.28"]
[Round "5.47"]
[White "Horvath, Soma"]
[Black "Lengyel, Andrea"]
[Result "0-1"]
[WhiteElo "1636"]
[BlackElo "1780"]
[PlyCount "104"]
[EventDate "2015.??.??"]

1. e4 c5 2. Nf3 Nc6 3. d4 cxd4 4. Nxd4 Nf6 5. Nc3 e5 6. Ndb5 d6 7. Bg5 a6 8.
Na3 b5 9. Nd5 Be7 10. Bxf6 Bxf6 11. c3 Bg5 12. Be2 O-O 13. O-O f5 14. f3 Ne7
15. Nc2 Be6 16. Ncb4 Kh8 17. Qd3 Qd7 18. Kh1 Nxd5 19. Nxd5 Qb7 20. Rad1 Rf7 21.
Qc2 Raf8 22. c4 fxe4 23. fxe4 Bxd5 24. cxd5 Be3 25. Rxf7 Rxf7 26. Rf1 h6 27.
Rxf7 Qxf7 28. Qc8+ Kh7 29. Bf3 Qa7 30. Qf5+ g6 31. Qe6 Qc7 32. Bd1 a5 33. g3 h5
34. Kg2 b4 35. Qf6 Bd4 36. b3 Be3 37. Qf8 Bh6 38. Qf1 Kg7 39. Qc4 Qf7 40. Qf1
Qa7 41. Qd3 Be3 42. h3 Kh7 43. Qf1 Kg7 44. Qd3 Bg1 45. Qd2 Be3 46. Qd3 Bd4 47.
Qd2 Qf7 48. Qe2 Qf6 49. Qf3 Qg5 50. Qe2 h4 51. Qg4 Qe3 52. Qd7+ Kh6 0-1

[Event "Ifjusagi csapatbajnoksag"]
[Site "Budapest"]
[Date "2015.08.28"]
[Round "5.48"]
[White "Bakos, Viktor"]
[Black "Ori, Akos Bendeguz"]
[Result "1-0"]
[WhiteElo "1777"]
[BlackElo "1329"]
[PlyCount "94"]
[EventDate "2015.??.??"]

1. e4 d5 2. exd5 Qxd5 3. Nc3 Qa5 4. Nf3 c6 5. d4 Nf6 6. Bd3 Bg4 7. O-O e6 8. h3
Bh5 9. Be2 Bb4 10. Bd2 Nbd7 11. a3 Bxc3 12. Bxc3 Qc7 13. Bd2 O-O 14. c3 c5 15.
Rc1 Qb6 16. dxc5 Nxc5 17. b4 Ncd7 18. Be3 Qc7 19. c4 Rad8 20. Qb3 Ne5 21. Bc5
Rfe8 22. Rfe1 Bxf3 23. Bxf3 Nd3 24. Rcd1 Nxe1 25. Rxe1 Rd7 26. Be3 Red8 27. Rc1
Rd3 28. Qa4 Nd7 29. Be4 Nb6 30. Bxb6 Qd7 31. Qxd7 R8xd7 32. Bxd3 Rxd3 33. Bxa7
Rxa3 34. Bc5 f6 35. Rd1 Rc3 36. Rd8+ Kf7 37. Rd7+ Kg6 38. Rxb7 Rxc4 39. Rc7
Rc1+ 40. Kh2 e5 41. b5 Rb1 42. b6 Kh6 43. b7 g6 44. Ba7 f5 45. b8=Q Rxb8 46.
Bxb8 e4 47. Rc3 Kh5 1-0

[Event "Ifjusagi csapatbajnoksag"]
[Site "Budapest"]
[Date "2015.08.29"]
[Round "6.1"]
[White "Farkas, Richard"]
[Black "Csonka, Balazs"]
[Result "1/2-1/2"]
[WhiteElo "2267"]
[BlackElo "2410"]
[PlyCount "22"]
[EventDate "2015.??.??"]

1. e4 d5 2. exd5 Qxd5 3. Nc3 Qd6 4. d4 Nf6 5. Nf3 g6 6. Nb5 Qb6 7. d5 a6 8. Be3
Qa5+ 9. Bd2 Qb6 10. Be3 Qa5+ 11. Bd2 Qb6 1/2-1/2

[Event "Ifjusagi csapatbajnoksag"]
[Site "Budapest"]
[Date "2015.08.29"]
[Round "6.2"]
[White "Dragnev, Valentin"]
[Black "Marjanovics, Annamaria"]
[Result "1/2-1/2"]
[WhiteElo "2339"]
[BlackElo "2234"]
[PlyCount "270"]
[EventDate "2015.??.??"]

1. b3 e5 2. Bb2 Nc6 3. e3 Nf6 4. Bb5 Bd6 5. Ne2 O-O 6. Bxc6 dxc6 7. d3 Qe7 8.
e4 Nh5 9. Nd2 f5 10. Ng3 Nf4 11. O-O fxe4 12. Ndxe4 Qh4 13. f3 Be6 14. Qd2 Qh6
15. Kh1 Qg6 16. Qf2 Bd5 17. Nd2 a6 18. Rae1 Rae8 19. Nge4 Bb4 20. a3 Bd6 21.
Qg3 Qf5 22. Qf2 Qg6 23. Rg1 Qh6 24. Bc1 Re6 25. Nf1 Qh5 26. b4 a5 27. Qd2 axb4
28. axb4 Rg6 29. Ne3 Be6 30. c3 Rh6 31. Nf1 Rg6 32. Qc2 Kh8 33. Be3 Nd5 34.
Nfg3 Qh4 35. Qd2 Nf4 36. Ra1 Be7 37. Nf1 Bd6 38. Bf2 Qd8 39. Nfg3 Rh6 40. Rge1
Qc8 41. d4 Bd5 42. Be3 Qd8 43. Nxd6 cxd6 44. Bxf4 exf4 45. Nf1 Qh4 46. Ra7 Bc4
47. h3 Ba6 48. c4 Bxc4 49. Rxb7 Qg5 50. Nh2 Re6 51. Ng4 Rfe8 52. Rxe6 Bxe6 53.
Nf2 Bd5 54. Ne4 Bxe4 55. fxe4 Qg3 56. Rf7 Qe3 57. Qxe3 fxe3 58. Rf3 Rb8 59.
Rxe3 Rxb4 60. Rd3 Kg8 61. Kh2 Kf7 62. Kg3 c5 63. dxc5 dxc5 64. Rd7+ Kf6 65. e5+
Kg6 66. Rc7 Re4 67. Rxc5 Kf5 68. Rc7 g6 69. Rxh7 Rxe5 70. Rf7+ Kg5 71. h4+ Kh6
72. Kg4 Ra5 73. Rf6 Kg7 74. Rb6 Ra4+ 75. Kh3 Ra3+ 76. g3 Ra7 77. Rb5 Kh6 78.
Rb4 Rc7 79. Kg4 Ra7 80. Kf4 Kg7 81. Rb5 Kh6 82. Ke5 Kg7 83. Rd5 Re7+ 84. Kf4
Kh6 85. Rd6 Rf7+ 86. Kg4 Kg7 87. Ra6 Kh7 88. Kg5 Rf5+ 89. Kg4 Kg7 90. Ra7+ Kg8
91. Kh3 Rb5 92. Re7 Kf8 93. Rd7 Kg8 94. Kg2 Rb3 95. Kf2 Kf8 96. Rd4 Kg7 97. Kg2
Ra3 98. Kh3 Ra5 99. Kg4 Rf5 100. Ra4 Kh7 101. Rf4 Ra5 102. Re4 Rf5 103. Re7+
Kg8 104. Re3 Kg7 105. Rf3 Rb5 106. Ra3 Rf5 107. Kh3 Rc5 108. Kg2 Rf5 109. Ra4
Rf7 110. g4 Kh7 111. Kg3 Kg7 112. Rf4 Ra7 113. Rd4 Rf7 114. Rf4 Ra7 115. Kf3
Ra3+ 116. Kg2 Ra7 117. g5 Ra2+ 118. Kg3 Ra3+ 119. Kg4 Ra1 120. Rb4 Rg1+ 121.
Kf4 Rf1+ 122. Ke5 Re1+ 123. Re4 Ra1 124. Rd4 Re1+ 125. Kd6 Kf7 126. Kd5 Kg7
127. Kc6 Kf7 128. Rd7+ Ke6 129. Rd6+ Kf5 130. Rf6+ Kg4 131. Rxg6 Kxh4 132. Rg8
Kh5 133. g6 Re6+ 134. Kd5 Rxg6 135. Rxg6 Kxg6 1/2-1/2

[Event "Ifjusagi csapatbajnoksag"]
[Site "Budapest"]
[Date "2015.08.29"]
[Round "6.3"]
[White "Urhegyi, Marton"]
[Black "Juhasz, Armin"]
[Result "1/2-1/2"]
[WhiteElo "2156"]
[BlackElo "2315"]
[PlyCount "56"]
[EventDate "2015.??.??"]

1. e4 d6 2. d4 Nf6 3. Nc3 c6 4. f4 Qa5 5. e5 Ne4 6. Bd3 Nxc3 7. Qd2 g6 8. bxc3
Bh6 9. exd6 exd6 10. Nf3 O-O 11. O-O Nd7 12. c4 Qxd2 13. Nxd2 Bg7 14. c3 f5 15.
Ba3 c5 16. Nf3 b6 17. Rae1 Nf6 18. Ng5 Bd7 19. Ne6 Bxe6 20. Rxe6 Rad8 21. g3
Kf7 22. d5 Rfe8 23. Rfe1 Rxe6 24. Rxe6 Ne8 25. Bb2 Nc7 26. Re2 Rb8 27. Kf2 a6
28. a4 Bf6 1/2-1/2

[Event "Ifjusagi csapatbajnoksag"]
[Site "Budapest"]
[Date "2015.08.29"]
[Round "6.4"]
[White "Orosz, Andras"]
[Black "Polyik, Peter"]
[Result "1/2-1/2"]
[WhiteElo "2281"]
[BlackElo "2178"]
[PlyCount "55"]
[EventDate "2015.??.??"]

1. Nf3 f5 2. d4 Nf6 3. g3 g6 4. Bg2 Bg7 5. O-O O-O 6. c4 d6 7. Nc3 e6 8. b3 Nc6
9. Bb2 e5 10. e3 e4 11. Ne1 Qe7 12. Nc2 a5 13. a3 Bd7 14. f4 exf3 15. Bxf3 g5
16. Qd3 Rae8 17. Rae1 Nd8 18. Bc1 c6 19. e4 fxe4 20. Nxe4 Nxe4 21. Bxe4 Rxf1+
22. Qxf1 Qf6 23. Qd3 Rf8 24. Bxh7+ Kh8 25. Be3 d5 26. Bg6 Bh3 27. Bh5 g4 28.
Bf4 1/2-1/2

[Event "Ifjusagi csapatbajnoksag"]
[Site "Budapest"]
[Date "2015.08.29"]
[Round "6.5"]
[White "Kiss, Peter"]
[Black "Haszon, Kamilla Sara"]
[Result "1/2-1/2"]
[WhiteElo "1966"]
[BlackElo "2000"]
[PlyCount "54"]
[EventDate "2015.??.??"]

1. e4 c5 2. Nf3 Nc6 3. Bb5 g6 4. Bxc6 bxc6 5. d4 Bg7 6. d5 Nf6 7. dxc6 d5 8.
exd5 Nxd5 9. c3 O-O 10. O-O Qd6 11. Qa4 Nb6 12. Qh4 Qxc6 13. Bh6 Bb7 14. Bxg7
Kxg7 15. Qxe7 Rfe8 16. Qg5 h6 17. Qg3 Nc4 18. b3 Nd6 19. Nbd2 Nf5 20. Qf4 Rad8
21. Rfe1 Rd3 22. Rxe8 Qxe8 23. Re1 Qc6 24. Nc4 Qf6 25. Nfe5 g5 26. Qc1 Rd8 27.
f3 Nh4 1/2-1/2

[Event "Ifjusagi csapatbajnoksag"]
[Site "Budapest"]
[Date "2015.08.29"]
[Round "6.7"]
[White "Antal, Tibor Kende"]
[Black "Markoja, Boris"]
[Result "1/2-1/2"]
[WhiteElo "2351"]
[BlackElo "2310"]
[PlyCount "73"]
[EventDate "2015.??.??"]

1. Nf3 c5 2. e4 d6 3. Bb5+ Bd7 4. Bxd7+ Qxd7 5. O-O Nf6 6. Qe2 Nc6 7. c3 e6 8.
d3 Be7 9. Bf4 O-O 10. Nbd2 Rfd8 11. Rfd1 h6 12. a4 Rac8 13. Nc4 Qe8 14. h3 d5
15. exd5 exd5 16. Nce5 Nxe5 17. Nxe5 Bd6 18. Re1 Bxe5 19. Bxe5 Nd7 20. Bf4 Nf8
21. Qf3 Qd7 22. Re2 Re8 23. Rae1 Rxe2 24. Rxe2 Ng6 25. b3 Rc6 26. Bb8 Rb6 27.
Rb2 c4 28. Qd1 Rxb3 29. Rxb3 cxb3 30. Qxb3 a6 31. Qb4 Nf8 32. Be5 Ne6 33. a5
Nd8 34. Qb6 Ne6 35. Qb4 Nd8 36. Qb6 Ne6 37. Qb4 1/2-1/2

[Event "Ifjusagi csapatbajnoksag"]
[Site "Budapest"]
[Date "2015.08.29"]
[Round "6.8"]
[White "Krstulovic, Alex"]
[Black "Kaczur, Florian"]
[Result "1/2-1/2"]
[WhiteElo "2119"]
[BlackElo "2345"]
[PlyCount "46"]
[EventDate "2015.??.??"]

1. d4 e6 2. c4 Nf6 3. Nf3 b6 4. g3 Ba6 5. b3 Bb7 6. Bg2 Bb4+ 7. Bd2 a5 8. O-O
O-O 9. Nc3 Re8 10. Qc2 d6 11. a3 Bxc3 12. Bxc3 Be4 13. Qb2 Nbd7 14. Rfd1 c6 15.
Nh4 Bxg2 16. Nxg2 Qb8 17. b4 a4 18. Nf4 b5 19. c5 d5 20. Nd3 Ne4 21. Ne5 Qc7
22. Nxd7 Qxd7 23. f3 Nxc3 1/2-1/2

[Event "Ifjusagi csapatbajnoksag"]
[Site "Budapest"]
[Date "2015.08.29"]
[Round "6.9"]
[White "Dankhazi, Andras"]
[Black "Felde, Bence"]
[Result "1-0"]
[WhiteElo "2232"]
[BlackElo "1930"]
[PlyCount "67"]
[EventDate "2015.??.??"]

1. d4 Nf6 2. c4 e6 3. Nf3 d5 4. Nc3 Be7 5. Bf4 O-O 6. e3 c5 7. dxc5 Bxc5 8.
cxd5 Nxd5 9. Nxd5 exd5 10. a3 Nc6 11. Bd3 Ne7 12. Bxh7+ Kxh7 13. Qc2+ Bf5 14.
Qxc5 Ng6 15. Bd6 Re8 16. Qxd5 Qf6 17. Qd4 Qxd4 18. Nxd4 Bd3 19. Kd2 Ba6 20. h4
Rad8 21. h5 Rxd6 22. hxg6+ Kxg6 23. Rac1 Re5 24. Rh4 f5 25. Rc7 Rb6 26. b4 Bf1
27. g4 f4 28. Rh8 fxe3+ 29. fxe3 Rg5 30. Nf5 Rxf5 31. gxf5+ Kxf5 32. Rf8+ Rf6
33. Rxf6+ Kxf6 34. Rxb7 1-0

[Event "Ifjusagi csapatbajnoksag"]
[Site "Budapest"]
[Date "2015.08.29"]
[Round "6.10"]
[White "Haselbach, David"]
[Black "Benedeczky, Lehel"]
[Result "1/2-1/2"]
[WhiteElo "2053"]
[BlackElo "2111"]
[PlyCount "29"]
[EventDate "2015.??.??"]

1. e4 c6 2. d4 d5 3. e5 Bf5 4. Nc3 e6 5. g4 Bg6 6. Nge2 h6 7. Bg2 Ne7 8. Be3
Nd7 9. Qd2 c5 10. f4 Nc6 11. h4 Be7 12. O-O-O a6 13. Rdf1 cxd4 14. Nxd4 Nxd4
15. Bxd4 1/2-1/2

[Event "Ifjusagi csapatbajnoksag"]
[Site "Budapest"]
[Date "2015.08.29"]
[Round "6.11"]
[White "Gal, Hanna Krisztina"]
[Black "Varga, Richard"]
[Result "1/2-1/2"]
[WhiteElo "2084"]
[BlackElo "1941"]
[PlyCount "59"]
[EventDate "2015.??.??"]

1. e4 c5 2. Nf3 d6 3. Bb5+ Bd7 4. Bxd7+ Nxd7 5. O-O g6 6. c3 Ngf6 7. Qe2 Bg7 8.
d4 e5 9. Rd1 Qe7 10. dxe5 dxe5 11. Na3 O-O 12. Nb5 Nb8 13. a4 Nc6 14. Na3 Rfd8
15. Bg5 Rxd1+ 16. Rxd1 Rd8 17. Rxd8+ Qxd8 18. Nc4 h6 19. Bxf6 Bxf6 20. Qd2 Qxd2
21. Nfxd2 Be7 22. Nf3 f6 23. Kf1 Kf7 24. Ke2 a6 25. Ne3 b5 26. axb5 axb5 27.
Nd5 Na5 28. Nd2 Bd6 29. Kd3 c4+ 30. Kc2 1/2-1/2

[Event "Ifjusagi csapatbajnoksag"]
[Site "Budapest"]
[Date "2015.08.29"]
[Round "6.13"]
[White "Kokeny, Norbert Adrian"]
[Black "Csati, Oliver"]
[Result "1/2-1/2"]
[WhiteElo "2123"]
[BlackElo "2189"]
[PlyCount "28"]
[EventDate "2015.??.??"]

1. d4 Nf6 2. Bg5 e6 3. e4 h6 4. Bxf6 Qxf6 5. c3 c5 6. Nf3 b6 7. Na3 Qd8 8. Nc4
cxd4 9. Nxd4 Be7 10. Be2 Ba6 11. a4 Bxc4 12. Bxc4 Nc6 13. O-O O-O 14. Nf3 Qc7
1/2-1/2

[Event "Ifjusagi csapatbajnoksag"]
[Site "Budapest"]
[Date "2015.08.29"]
[Round "6.14"]
[White "Gorcsi, Gabor"]
[Black "Simon, Lili"]
[Result "1-0"]
[WhiteElo "2192"]
[BlackElo "2077"]
[PlyCount "93"]
[EventDate "2015.??.??"]

1. d4 d5 2. c4 c6 3. Nf3 Nf6 4. Nc3 dxc4 5. a4 Bf5 6. e3 e6 7. Bxc4 Bb4 8. O-O
O-O 9. Qe2 Nbd7 10. e4 Bg4 11. e5 Nd5 12. Nxd5 cxd5 13. Bd3 Bxf3 14. Qxf3 Qh4
15. Bf4 f6 16. exf6 Rxf6 17. g3 Qh3 18. Qg2 Qxg2+ 19. Kxg2 Rc8 20. a5 h6 21. h4
a6 22. Ra4 Be7 23. Re1 Rcf8 24. Re2 Rc8 25. Rd2 Rff8 26. Re2 Rc6 27. Bd2 Bf6
28. Rb4 Rf7 29. Bc3 Nf8 30. Bc2 Rfc7 31. Bd3 Nd7 32. Ra4 Rc8 33. Ra1 Nf8 34.
Rae1 R8c7 35. f4 h5 36. f5 exf5 37. Bxf5 Kf7 38. Bd3 Re7 39. Rxe7+ Bxe7 40. Re5
Rd6 41. Rxh5 g6 42. Re5 Bf6 43. Re1 Ne6 44. Rd1 Kg7 45. Be2 Rc6 46. Bf3 Nc7 47.
Kf2 1-0

[Event "Ifjusagi csapatbajnoksag"]
[Site "Budapest"]
[Date "2015.08.29"]
[Round "6.15"]
[White "Bege, Levente"]
[Black "Csuta, Akos Koppany"]
[Result "1/2-1/2"]
[WhiteElo "1966"]
[BlackElo "2008"]
[PlyCount "67"]
[EventDate "2015.??.??"]

1. Nf3 Nf6 2. g3 g6 3. b3 Bg7 4. Bg2 c5 5. Bb2 Nc6 6. O-O O-O 7. c4 d5 8. cxd5
Nxd5 9. Bxg7 Kxg7 10. Qc1 Qd6 11. Nc3 Nxc3 12. Qxc3+ Kg8 13. Rac1 b6 14. d4
Nxd4 15. Nxd4 cxd4 16. Qc7 Rb8 17. Qxa7 Bd7 18. Qc7 Qe6 19. Bf3 Rfd8 20. Rfd1
Rbc8 21. Qf4 Rxc1 22. Qxc1 Bb5 23. Qf4 Qd6 24. Rc1 e5 25. Qd2 f5 26. a4 Be8 27.
b4 e4 28. Bg2 Qd5 29. a5 bxa5 30. bxa5 Ra8 31. Rd1 Rxa5 32. Qxd4 Qxd4 33. Rxd4
Ra2 34. f3 1/2-1/2